000 01178nam0a2200277 4500
001 RU\NLR\BIBL_A\016343916
005 20260406132208.0
035 _a(NLR Aleph) 016343916
090 _a13315114
_c13315114
100 _a20230414d1983 |||y0rusy50 ca
101 0 _aaze
_crus
102 _aAZ
105 _aa z 000 y
200 1 _aҺәндәсә
_eтехникумлар үчүн риjазиjjат
_fМ. И. Каченовски, J. М. Колjагин, А. Д. Кутасов вә б.
_gред. Ҝ. Н. Jаковлев
_g[тәрҹ. ед.: Т. Мәммәдов]
205 _aрус.тәрҹ.
210 _aБакы
_cМаариф
_d1983
215 _a339 ,[1] c.
_cил.
_d21
541 1 _aГеометрия
_eматематика для техникумов
_zrus
686 1 _aВ1я73
701 1 _aКаченовский
_bМ.И.
_gМечислав Игнатьевич
_4070
701 1 _4570
_7ca
_8rus
_aКолягин
_bЮ. М.
_f1927-2016
_gЮрий Михайлович
_9111779
_3RU\NLR\AUTH\771760
701 1 _aКутасов
_bА. Д.
_gАлександр Дмитриевич
_4070
852 _aNLR
_bОНЛ
_jАзерб./3-11652
942 _cBOOK
980 _aNB